Statistics for US States With the Highest Japanese American Population

Click here to take the quiz!

General Stats

  • This quiz has been taken 110 times
  • The average score is 9 of 10

Answer Stats

Number of Japanese Americans State % Correct
428,000California
100%
68,000Washington
98%
52,000New York
98%
38,000Texas
94%
25,000Oregon
92%
26,000Florida
91%
312,000Hawaii
89%
29,000Illinois
85%
21,000Nevada
78%
23,000Colorado
54%

Score Distribution

Percentile by Number Answered

Percent of People with Each Score

Your Score History

You have not taken this quiz